| 000 | 01500nam a2200337 a 4500 | ||
|---|---|---|---|
| 001 | BRCA_3114 | ||
| 005 | 20190320204122.0 | ||
| 008 | 290109s1850----fr-a---###---#000-0#fre-u | ||
| 041 | _afre | ||
| 044 | _afr | ||
| 084 |
_a419 _b.H38 _c1850 |
||
| 100 | 1 |
_aCervantes Saavedra, Miguel de _d1547-1616 _9213 |
|
| 245 | 1 | 0 |
_aHistoire de Don Quichotte de la Manche _cMichel de Cervantes ; Traduite de L´Espagnol par Filleau de Saint-Martin. |
| 260 |
_aParís _bGustave Havard _c1850 |
||
| 300 |
_a220 p. _bil. _c32 cm. |
||
| 500 | _aContenido : Primera parte. Texto. Segunda parte. Texto | ||
| 500 | _aEdición : Illustratée de 120 Gravures par Tony Johannot | ||
| 500 | _aEs la traducción completa de Filleau de Saint-Martin sin la continuación, y adornada con parte de los dibujos de Tony Johannot. Semipiel; lomo decorado con dorados Lúdovik Osterc | ||
| 500 | _aEstado físico : Anotaciones manuscritas en la guarda. Presenta encuadernación maltratada | ||
| 500 | _aQM346 | ||
| 546 | _aTexto en: francés | ||
| 650 | 1 | 4 |
_aNovela española _yÉpoca clásica, 1500-1700 _9215 |
| 650 | 1 | 4 |
_aLiteratura española _yÉpoca clásica, 1500-1700 _9216 |
| 650 | 1 | 4 |
_aNovela española _ySiglo XVII _9217 |
| 650 | 1 | 4 |
_aDon Quijote (Personaje ficticio) _eNovela _9218 |
| 700 | 1 |
_aSaint-Martin, Francois Filleau de _d1632-1695 _eTraductor _98468 |
|
| 700 | 1 |
_aJohannot, Tony _d1803-1852 _eIlustrador _98469 |
|
| 740 | 0 | _aEl Ingenioso Hidalgo Don Quijote de la Mancha | |
| 902 | _aQFM | ||
| 942 |
_2lcc _cB |
||
| 999 |
_c2850 _d2850 |
||